| 000 | 00354nam a2200133Ia 4500 | ||
|---|---|---|---|
| 008 | 150202s9999 xx 000 0 und d | ||
| 020 | _a449003795 | ||
| 050 |
_aFIC _bFIC |
||
| 100 | _aGrafton, Sue. | ||
| 245 |
_aP is for peril / _cDavid Grant. |
||
| 260 |
_aNew York : _bBallantine Books, _c2001. |
||
| 300 |
_a370 pages : _c18 cm. |
||
| 650 | _aFiction. | ||
| 999 |
_c282040 _d282040 |
||